000 01644nam0a2200325 i 4500
001 RU\NLR\bibl\1942548
005 20241103060238.0
010 _a9785967506666
_9100
021 _aRU
_b2012-61152
_94476
035 _a(NLR Aleph) 001931810
090 _a3446030
_c3446030
100 _a20120907d2012 u y0rusy50 ca
101 0 _arus
102 _aRU
105 _aa |||||||||
200 1 _aИнвестиционные стратегии
_eучебное пособие
_e[для специалистов и магистров, обучающихся по направлению 080100 "Экономика"]
_fА.И. Уколов
_gМ-во сел. хоз-ва Рос. Федерации, Рос. гос. аграр. ун-т - МСХА им. К.А. Тимирязева
210 _aМосква
_cИзд-во РГАУ-МСХА
_d2012
215 _a131 с.
_cил.
_d20
320 _aБиблиогр.: с. 131 (5 назв.)
606 _aИнвестиции капитала
_jУчебные издания для высших учебных заведений
_xСтратегическое планирование
_92133945
_3RU\NLR\auth\661287024
606 1 _aИнвестиционные проекты
_jУчебные издания для высших учебных заведений
_xОценка
_92073971
_3RU\NLR\auth\661248931
686 _aУ9(2)-56-23я73
686 _aУ9(2)-56-07я73
700 1 _aУколов
_bА. И.
_gАндрей Игоревич
_4070
801 0 _aRU
_bNLR
_c20120907
_gRCR
801 1 _aRU
_bNLR
_c20120907
830 _aАвт. по кн.
942 _cBOOK
980 _aNBR